Best american plays

Saved in:
Bibliografiske detaljer
Hovedforfatter: Gassner, John (Author)
Format: Bog
Sprog:engelsk
Udgivet: Nueva York Crown Publishers 1952
Serier:Third Series 1945-1951
Fag:
Tags: Tilføj Tag
Ingen Tags, Vær først til at tagge denne postø!

MARC

LEADER 00000nam a2200000 a 4500
001 UCQ2463
003 CL-VaPUC
008 980724e19520000US |||||||||||||||||eng|d
082 0 4 |a 812  |b GAS  |2 21 
100 |a Gassner, John  |e author  |9 416379 
245 1 0 |a Best american plays 
300 |a 707 p 
942 |c BK 
945 |d 19980724 00:00:00  |a crobeson 
260 |a Nueva York  |b Crown Publishers  |c 1952 
650 7 |a DRAMA ESTADOUNIDENSE  |2 CL-VaPUC  |9 319409 
650 0 |a Literatura estadounidense  |9 317168 
583 |a last modification  |c 19980724 00:00:00  |k Rodrigo Vera 
490 0 |a Third Series 1945-1951 
999 |c 273282  |d 273280 
952 |0 0  |1 0  |4 0  |6 812_000000000000000_GAS_1952  |7 0  |8 A  |9 308708  |a BIBEDU  |b BIBEDU  |d 2019-11-20  |i 1445839  |o 812 GAS 1952  |p 1445839  |r 2019-11-20  |w 2019-11-20  |y BK  |k LIT